La Mallorquina (Record no. 43787)

MARC details
000 -LEADER
campo de control de longitud fija 00752nam a2200181 i 4500
001 - NÚMERO DE CONTROL
campo de control 43787
003 - IDENTIFICADOR DE NÚMERO DE CONTROL
campo de control ES-MaACL
005 - FECHA Y HORA DE LA ÚLTIMA TRANSACCIÓN
campo de control 20251217063016.0
007 - CAMPO FIJO DE DESCRIPCIÓN FÍSICA--INFORMACIÓN GENERAL
campo de control de longitud fija t|
008 - DATOS DE LONGITUD FIJA--INFORMACIÓN GENERAL
campo de control de longitud fija 030318s1876 sp ||||1| spa d
100 1# - ENTRADA PRINCIPAL--NOMBRE DE PERSONA
Nombre de persona Cervino y Ferrero, Joaquín José,
Fechas asociadas al nombre 1817-1883
9 (RLIN) 173899
245 13 - MENCIÓN DEL TÍTULO
Título La Mallorquina
Resto del título : canto épico premiado con el brote de laurel de oro en el certámen abierto por ... Ayuntamiento de Valencia para celebrar al rey don Jaime el Conquistador en el sexto centenario de su fallecimiento /
Mención de responsabilidad, etc. Joaquín José Cervino.
250 ## - MENCION DE EDICION
Mención de edición Ed. especial.
260 ## - PUBLICACIÓN, DISTRIBUCIÓN, ETC.
Lugar de publicación, distribución, etc. Madrid :
Nombre del editor, distribuidor, etc. [s.n.],
Fecha de publicación, distribución, etc. 1876 (
Fabricante Imp. de T. Fortanet)
300 ## - DESCRIPCIÓN FÍSICA
Extensión 32 p. ;
Dimensiones 25 cm.
852 ## - LOCALIZACIÓN
Ubicación ES-MaACL
Número de control de estantería T-518-F-4
Nota libre .- Ded. ms. del autor
Holdings
Estatus retirado Estado de pérdida Estado de daño No para préstamo Colección Biblioteca de origen Biblioteca actual Ubicación en estantería Fecha de adquisición Fuente de adquisición Total de préstamos Signatura topográfica completa Código de barras Visto por última vez Precio de reemplazo Tipo de ítem Koha
        Colección de folletos Biblioteca del Ateneo de Madrid Biblioteca del Ateneo de Madrid Depósito folletos 17/01/2008     T-518-F-4 1046091 23/02/2023 23/02/2023 Folleto